| 000 | 00663nam a22002177a 4500 | ||
|---|---|---|---|
| 999 |
_c367 _d367 |
||
| 003 | OSt | ||
| 005 | 20191011155310.0 | ||
| 008 | 140904b xxu||||| |||| 00| 0 eng d | ||
| 020 | _a 978-0781751247 | ||
| 020 | _a88192613103 | ||
| 040 | _cDLC | ||
| 082 | _aQS 504 R734c 2003 | ||
| 100 |
_aRoss Michael H.; Romrell, Lynn J.; Kaye, Gordon I. _9943 |
||
| 245 |
_aCarleton's Histological Techniques: _btext and atlas |
||
| 250 | _a3rd ed. | ||
| 260 |
_aNew Dlhi; _bLippincott Williams & Wilkins, _c2003 |
||
| 300 |
_axiii, 823 p. : _bcol.ill; _c29 cm _eCD |
||
| 504 | _aIncludes bibliographical references and Index | ||
| 650 |
_aHistology _9194 |
||
| 942 |
_2z _cB_BANK |
||